000 02596cam a2200445 i 4500
001 10453977
003 ARRUPE
005 20141017173834.0
008 110414s2013 deu b 001 0 eng
010 _a 2013020661
020 _a9781933859972 (hardback)
020 _a1933859970 (hardback)
024 _a99955006551
035 _a(OCoLC)ocn852745702
035 _a(OCoLC)852745702
035 _a(NNC)10453977
040 _aDLC
_erda
_beng
_cDLC
_dYDX
_dOCLCO
_dCUI
_dEMT
_dYDXCP
042 _apcc
050 0 0 _aBX1795.E27
_bZ54 2013
082 0 0 _a261.8/5088282
_223
084 _aBUS008000
_aREL010000
_2bisacsh
100 1 _aZięba, Maciej,
_eauthor.
_912215
245 1 0 _aPapal economics :
_bthe Catholic Church on democratic capitalism, from Rerum novarum to Caritas in veritate /
_cMaciej Ziȩba, OP.
300 _axxi, 239 pages ;
_c22 cm.
490 1 _aCulture of enterprise
504 _aIncludes bibliographical references and index.
505 0 _aCapitalism, freedom, and truth -- A brief history of democratic capitalism in Catholic social teaching -- Political community -- Economic life -- The primacy of culture -- From Centesimus annus to Caritas in veritate.
520 _a"The Church and the MarketIn Papal Economics, Maciej Zieba, OP, takes readers on an enlightening tour through the Catholic Church's social teaching regarding democratic capitalism. Father Zieba analyzes the popes' social encyclicals from Leo XIII's Rerum Novarum (1891), through John Paul II's Centesimus Annus a century later, and finally to Benedict XVI's Caritas in Veritate (2009).While demonstrating the remarkable continuity among the popes over the course of 120 years, Papal Economics also reveals that the Church's teaching has evolved in certain key respects--particularly in its judgment on socialism"--Provided by publisher.
520 _a"A historical exploration of economic theory as described by papal encyclicals through the centuries, especially as they relate to capitalism, socialism, labor, and morality"--Provided by publisher.
610 2 0 _aCatholic Church
_xDoctrines.
_912216
650 0 _aEconomics
_xReligious aspects
_xCatholic Church.
_97357
650 0 _aCapitalism
_xReligious aspects
_xCatholic Church.
_96845
650 0 _aDemocracy
_xReligious aspects
_xCatholic Church.
_912217
650 7 _aBUSINESS & ECONOMICS / Business Ethics.
_2bisacsh
_912218
650 7 _aRELIGION / Christianity / Catholic.
_2bisacsh
_912219
830 0 _aCulture of enterprise series.
_912220
942 _2lcc
_cMONOGRAPH
948 1 _a20131021
_bc
_csl13
_dMPS
999 _c121131
_d121131